La corría de toros : (Registro nro. 34662)
[ vista simple ]
| 000 -CABECERA | |
|---|---|
| campo de control de longitud fija | 00867nam a2200217 a 4500 |
| 001 - NÚMERO DE CONTROL | |
| campo de control | 000035171 |
| 005 - FECHA Y HORA DE LA ÚLTIMA TRANSACCIÓN | |
| campo de control | 20200930074143.0 |
| 008 - DATOS DE LONGITUD FIJA--INFORMACIÓN GENERAL | |
| campo de control de longitud fija | 111025s1908 sp 000 0 spa d |
| 040 ## - FUENTE DE LA CATALOGACIÓN | |
| Centro catalogador/agencia de origen | DO-SdBNP |
| Lengua de catalogación | spa |
| Centro/agencia transcriptor | BNPHU |
| 082 ## - NÚMERO DE LA CLASIFICACIÓN DECIMAL DEWEY | |
| Número de clasificación | xxxxx |
| 100 1# - ENTRADA PRINCIPAL--NOMBRE DE PERSONA | |
| Nombre de persona | Paso, Antonio, |
| Fechas asociadas al nombre | (1870-1958) |
| 9 (RLIN) | 60818 |
| 240 10 - TÍTULO UNIFORME | |
| Título uniforme | Corría de toros |
| 245 13 - MENCIÓN DE TÍTULO | |
| Título | La corría de toros : |
| Resto del título | zarzuela cómica en un acto, dividido en tres cuadros, original y en prosa / |
| Mención de responsabilidad, etc. | letra de los señores Paso y Jiménez Prieto ; música del maestro Federico Chueca. |
| 250 ## - MENCIÓN DE EDICIÓN | |
| Mención de edición | 3a. ed |
| 260 ## - PUBLICACIÓN, DISTRIBUCIÓN, ETC. | |
| Lugar de publicación, distribución, etc. | Madrid : |
| Nombre del editor, distribuidor, etc. | Sociedad de Autores Españoles, |
| Fecha de publicación, distribución, etc. | 1908. |
| 300 ## - DESCRIPCIÓN FÍSICA | |
| Extensión | 46 p. ; |
| Dimensiones | 21 cm. |
| 500 ## - NOTA GENERAL | |
| Nota general | Estrenada en el Teatro Eslava la noche del 15 de Noviembre de 1902 |
| 500 ## - NOTA GENERAL | |
| Nota general | También disponible en partitura |
| 700 1# - PUNTO DE ACCESO ADICIONAL--NOMBRE DE PERSONA | |
| Nombre de persona | Jimenez-Prieto, Diego, ($dm. 1907) |
| 9 (RLIN) | 60899 |
| 710 2# - PUNTO DE ACCESO ADICIONAL--NOMBRE DE ENTIDAD CORPORATIVA | |
| Nombre de entidad corporativa o nombre de jurisdicción como elemento de entrada | Sociedad de Autores Españoles |
| 9 (RLIN) | 60837 |
| Estado de retiro | Estado de pérdida | Restricciones de uso | No para préstamo | Código de colección | Localización permanente | Ubicación/localización actual | Ubicación en estantería | Fecha de adquisición | Número de inventario | Total de préstamos | Signatura topográfica completa | Código de barras | Fecha visto por última vez | Precio válido a partir de | Tipo de ítem Koha |
|---|---|---|---|---|---|---|---|---|---|---|---|---|---|---|---|
| Excluido de préstamo | Monografías: Libros y Folletos | General | General | Depósito | 25.10.2011 | LF1 | xxxxx | 35171-10 | 25.06.2020 | 25.06.2020 | No se presta | ||||
| Monografías: Libros y Folletos | General | General | Orden iniciada | 25.10.2011 | LF1 | xxxxx | 35172-10 | 25.06.2020 | 25.06.2020 | No se presta |
